ESSENTIALS OF MEDICAL PHYSIOLOGY (Record no. 4798)
[ view plain ]
| 000 -LEADER | |
|---|---|
| fixed length control field | 00369nam a2200145Ia 4500 |
| 008 - FIXED-LENGTH DATA ELEMENTS--GENERAL INFORMATION | |
| fixed length control field | 150201s2013 xx 000 0 und d |
| 082 ## - DEWEY DECIMAL CLASSIFICATION NUMBER | |
| Classification number | 612 |
| Item number | E2013S |
| 100 ## - MAIN ENTRY--PERSONAL NAME | |
| Personal name | SEMBULINGAM,K |
| 245 ## - TITLE STATEMENT | |
| Title | ESSENTIALS OF MEDICAL PHYSIOLOGY |
| 250 ## - EDITION STATEMENT | |
| Edition statement | 6TH |
| 260 ## - PUBLICATION, DISTRIBUTION, ETC. (IMPRINT) | |
| Name of publisher, distributor, etc. | JAYPEE MEDICAL PUBLISHER |
| Place of publication, distribution, etc. | NEW DELHI |
| Date of publication, distribution, etc. | 2013 |
| 300 ## - PHYSICAL DESCRIPTION | |
| Extent | 1-1092 |
| 650 ## - SUBJECT ADDED ENTRY--TOPICAL TERM | |
| Topical term or geographic name as entry element | PHYSIOLOGY |
| 942 ## - ADDED ENTRY ELEMENTS (KOHA) | |
| Source of classification or shelving scheme | Dewey Decimal Classification |
| Koha item type | Books |
| Koha issues (borrowed), all copies | 24 |
| Withdrawn status | Lost status | Source of classification or shelving scheme | Damaged status | Not for loan | Home library | Current library | Date acquired | Source of acquisition | Cost, normal purchase price | Serial Enumeration / chronology | SGTU | Bill Number | Total Checkouts | Full call number | Barcode | Date last seen | Date last checked out | Bill Date | Koha item type | Total Renewals |
|---|---|---|---|---|---|---|---|---|---|---|---|---|---|---|---|---|---|---|---|---|
| Dewey Decimal Classification | SGT Dental Library | SGT Dental Library | 24/01/2013 | AHUJA BOOK .CO. NEW DELHI | 1095.00 | 1 | SGTU | 3108 | 7 | 612 E2013S | FD6821 | 05/05/2026 | 27/04/2026 | 14/08/2013 | Books | |||||
| Dewey Decimal Classification | SGT Dental Library | SGT Dental Library | 24/01/2013 | AHUJA BOOK .CO. NEW DELHI | 1095.00 | 1 | SGTU | 3108 | 10 | 612 E2013S | FD6822 | 13/05/2025 | 13/05/2025 | 14/08/2013 | Books | |||||
| Dewey Decimal Classification | SGT Dental Library | SGT Dental Library | 24/01/2013 | AHUJA BOOK .CO. NEW DELHI | 1095.00 | 1 | SGTU | 3108 | 13 | 612 E2013S | FD6823 | 10/10/2025 | 03/10/2025 | 14/08/2013 | Books | 1 | ||||
| Dewey Decimal Classification | SGT Dental Library | SGT Dental Library | 24/01/2013 | AHUJA BOOK .CO. NEW DELHI | 1095.00 | 1 | SGTU | 3108 | 3 | 612 E2013S | FD6824 | 21/08/2025 | 21/08/2025 | 14/08/2013 | Books | |||||
| Dewey Decimal Classification | SGT Dental Library | SGT Dental Library | 24/01/2013 | AHUJA BOOK .CO. NEW DELHI | 1095.00 | 1 | SGTU | 3108 | 3 | 612 E2013S | FD6825 | 06/08/2024 | 30/07/2024 | 14/08/2013 | Books |